000 00759nam a2200217 i 4500
999 _c2
_d2
005 20200104041504.0
008 140113s2002 ck ||||| |||| 00| 0 spa d
040 _aCO-BoIAVH
_cCO-BoIAVH
041 _aspa
082 0 4 _a333.7516
_bB74b
245 0 0 _aBosques y biodiversidad en riesgo :
_bvulnerabilidad en áreas estratégicas y nuevos instrumentos de conservación.
260 _aMéxico :
_bCESPEDES,
_c2002.
300 _a261 páginas ;
_c30 cm.
650 1 4 _aBosques
650 2 4 _aConservación de bosques
650 2 4 _aProtección de bosques
650 2 4 _aÁreas de conservación de recursos naturales
650 2 4 _aConservación de la naturaleza
650 2 4 _aDiversidad biológica
942 _cLIBRO
_2ddc
_06